|
|
|
|
| LEADER |
00000nam a2200000 a 4500 |
| 001 |
vtls009469797 |
| 003 |
SK-MaSNL |
| 005 |
20260301082028.0 |
| 008 |
240313s2008 xo l e p 000 0 slo |
| 015 |
|
|
|a SNBA2009/03-01342
|
| 020 |
|
|
|a 9788010013371
|q (brož.)
|
| 035 |
|
|
|a 4519E28D-387E-46F8-87EE-E2AC03F23258
|
| 035 |
|
|
|a urn:nbn:sk:snk-amjvuz
|
| 035 |
|
|
|a urn:nbn:sk:snk-am007z1p
|
| 040 |
|
|
|a SNK
|b slo
|c SNK
|e AACR2
|
| 041 |
0 |
|
|a slo
|
| 044 |
|
|
|a xo
|c SK
|
| 072 |
|
7 |
|a 004.4/.6
|x Programové vybavenie. Programové prostriedky
|2 konspekt
|
| 080 |
|
|
|a 004.65
|2 2001
|
| 080 |
|
|
|a 004.42Access
|2 2001
|
| 080 |
|
|
|a (075.3)
|2 2001
|
| 100 |
1 |
|
|a Spišáková, Mária
|4 aut
|9 292413
|
| 245 |
1 |
0 |
|a Databázový systém MS ACCESS
|b pre stredné odborné školy
|c Mária Spišáková
|
| 250 |
|
|
|a 1. vyd.
|
| 260 |
|
|
|a Bratislava
|b Slovenské pedagogické nakladateľstvo
|c 2008
|
| 300 |
|
|
|a 62 s.
|b sch., tab.
|c 30 cm
|
| 504 |
|
|
|a Bibliog. Zákl. pojmy
|
| 650 |
0 |
7 |
|a databázové systémy
|2 SNKPH
|9 1907
|
| 650 |
0 |
7 |
|a Database management systems
|2 SNKPHeng
|9 321908
|
| 650 |
0 |
7 |
|a Microsoft Access
|2 SNKPH
|9 68726
|
| 655 |
|
7 |
|a učebnice stredných škôl
|2 SNKPH
|9 69323
|
| 655 |
|
7 |
|a Textbooks (secondary)
|2 SNKPHeng
|9 276359
|
| 919 |
|
|
|a 978-80-10-01337-1
|
| 958 |
|
|
|a NB
|
| 968 |
|
|
|d 0
|
| 999 |
|
|
|c 657482
|d 659412
|
| 952 |
|
|
|a SNK
|b SNK
|y PREZ
|7 0
|p 17A0610590
|o snkSB 77247
|i snk2009/1889
|8 0
|0 0
|1 0
|4 0
|d 2009-02-06
|f 1
|l 0
|r 2025-04-28 00:00:00
|w 2026-02-23
|
| 952 |
|
|
|a SNK
|b SNK
|y VYP
|7 0
|p 17A0610591
|o snkSB 77247 D1
|i snk2009/1890
|8 0
|0 0
|1 0
|4 0
|d 2009-02-06
|l 0
|r 2016-06-30 00:00:00
|w 2026-02-23
|